Statistics for European countries with most non-religious young men

Click here to take the quiz!

General Stats

  • This quiz has been taken 44 times
  • The average score is 8 of 10

Answer Stats

Rank Country % % Correct
3Sweden75
95%
9Denmark60
90%
10Finland60
90%
8France64
86%
2Estonia80
81%
7Belgium65
81%
4Netherlands72
79%
5United Kingdom70
67%
6Hungary67
67%
1Czech Republic91
64%

Score Distribution

Percentile by Number Answered

Percent of People with Each Score

Your Score History

You have not taken this quiz